书目信息 |
| 题名: |
春天的歌
|
|
| 作者: | 林华 编创 ;徐亮亮 注释 | |
| 分册: | ||
| 出版信息: | 上海 上海音乐出版社 2003 |
|
| 页数: | 213页 | |
| 开本: | 26cm | |
| 丛书名: | ||
| 单 册: | ||
| 中图分类: | J652.6 | |
| 科图分类: | ||
| 主题词: | 合唱--儿童歌曲--世界--选集 , 合唱 , 儿童歌曲 | |
| 电子资源: | ||
| ISBN: | 7-80667-262-1 | |
| 000 | 00771nam0 2200253 450 | |
| 001 | 1261545702 | |
| 005 | 20121019170618.43 | |
| 010 | @a7-80667-262-1@dCNY28.00 | |
| 100 | @a20031031d2003 cd y0chiy50 ea | |
| 101 | 0 | @achi |
| 102 | @aCN@b310000 | |
| 105 | @aag z 000yy | |
| 200 | 1 | @a春天的歌@Achun tian de ge@e中外童声合唱曲精选@f林华编创@g徐亮亮注释 |
| 210 | @a上海@c上海音乐出版社@d2003 | |
| 215 | @a213页@c照片@d26cm | |
| 517 | 1 | @a中外童声合唱曲精选@Azhong wai tong sheng he chang qu jing xuan |
| 606 | 0 | @a合唱@x儿童歌曲@y世界@j选集 |
| 606 | 0 | @a合唱 |
| 606 | 0 | @a儿童歌曲 |
| 690 | @aJ652.6@v4 | |
| 701 | 0 | @a林华@Alin hua@f(1942~)@4编创 |
| 702 | 0 | @a徐亮亮@Axu liang liang@c(女)@4注释 |
| 801 | 0 | @aCN@bNLC@c20101222 |
| 905 | @a10447@dJ652.6@eJY118 | |
| 春天的歌:中外童声合唱曲精选/林华编创/徐亮亮注释.-上海:上海音乐出版社,2003 |
| 213页:照片;26cm |
| ISBN 7-80667-262-1:CNY28.00 |
| ● |
| 相关链接 |
|
|
|
|
正题名:春天的歌
索取号:J652.6/JY118
 
预约/预借
| 序号 | 登录号 | 条形码 | 馆藏地/架位号 | 状态 | 备注 |
| 1 | 7834221 | 278342214 | 学院路分馆/ [索取号:J652.6/JY118] | 在馆 | |
| 2 | 7834222 | 278342223 | 学院路分馆/ [索取号:J652.6/JY118] | 在馆 |